Statistiques concernant Pays dépendants du pétrole

Cliquez ici pour prendre le quiz!

Statistiques générales

  • Ce quiz a été pris 2,872 fois
  • Le résultat moyen est 11 sur 21

Statistiques - réponses

$ Pays % % Correct
208Arabie Saoudite78,9
96%
53,7Qatar85,9
90%
46,1Iran74,7
88%
47,7Irak98,0
86%
46,2Koweït89,6
79%
24,4Oman63,4
78%
29,1Venezuela82,6
66%
28,9Algérie94,5
63%
6,76Libye92,7
58%
35,5Nigeria91,4
52%
36,8Kazakhstan60,7
46%
89,1Norvège53,0
41%
7,39Turkménistan87,0
39%
4,67République du Congo67,5
37%
27,3Angola95,2
35%
12,6Azerbaïdjan89,6
34%
1,50Tchad93,3
29%
4,70Brunei84,8
27%
3,91Gabon73,2
27%
1,46Soudan du Sud99,8
21%
4,60Guinée équatoriale87,6
15%

Distribution des résultats

Percentile par nombre de réponses

% des personnes avec chaque résultat

Votre développement - résultats

Vous n’avez pas pris ce quiz